One - Dimensional Man / Studies in the Ideology of Advanced Industrial Society (Record no. 380)
[ view plain ]
| 000 -LEADER | |
|---|---|
| fixed length control field | 01196cam a22002054a 4500 |
| 005 - ΗΜΕΡΟΜΗΝΙΑ ΚΑΙ ΩΡΑ ΤΕΛΕΥΤΑΙΑΣ ΕΝΗΜΕΡΩΣΗΣ | |
| Πεδίο ελέγχου | 20250605163933.0 |
| 008 - FIXED-LENGTH DATA ELEMENTS--GENERAL INFORMATION | |
| Πεδίο ελέγχου σταθερού μήκους | 250528s ||||||||||||||||||||||||d |
| 035 ## - SYSTEM CONTROL NUMBER | |
| System control number | 14760 |
| 020 ## - ISBN | |
| ISBN | 415074290 |
| 040 ## - ΠΗΓΗ ΚΑΤΑΛΟΓΟΓΡΑΦΗΣΗΣ | |
| Φορέας πρωτότυπης καταλογογράφησης | MC Athens Campus Library |
| Γλώσσα καταλογογράφησης | Ελληνικά, Μοντέρνα (1453-) |
| Modifying agency | MC Athens Campus Library |
| Κανόνες περιγραφικής καταλογογράφησης | AACR2 |
| 245 1# - ΤΙΤΛΟΣ ΚΑΙ ΔΗΛΩΣΗ ΥΠΕΥΘΥΝΟΤΗΤΑΣ | |
| Τίτλος | One - Dimensional Man / Studies in the Ideology of Advanced Industrial Society |
| 250 ## - EDITION STATEMENT | |
| Edition statement | 2nd |
| 260 ## - PUBLICATION, DISTRIBUTION, ETC. | |
| Name of publisher, distributor, etc. | Rouledge, |
| Date of publication, distribution, etc. | 1991 |
| 300 ## - PHYSICAL DESCRIPTION | |
| Extent | 268 |
| 520 ## - SUMMARY, ETC. | |
| Summary, etc. | Marcuse's best-selling work to another generation of readers in the context of contemporary events. Acknowledgements, Introduction, One Dimensional Society, The New Forms of Control, The Closing of the Political Universe, The Conquest of the Unhappy Consciousness: Repressive Desublimation, The Closing of the Universe of Discourse, One-Dimensional Thought, Negative Thinking: The Defeated Logic of Protest, From Negative to Positive Thinking: Technological Rationality and the Logic of Domination, The Triumph of Positive Thinking: One-Dimensional Philosophy, The Chance of the Alternatives, The Historical Commitment of Philosophy, The Catastrophe of Liberation, Conclusion, Index. |
| 700 1# - ΠΡΟΣΘΕΤΗ ΑΝΑΓΡΑΦΗ--ΦΥΣΙΚΟ ΠΡΟΣΩΠΟ | |
| Personal name | Marcuse Herbert |
| 9 (RLIN) | 513 |
| 942 ## - ADDED ENTRY ELEMENTS (KOHA) | |
| Koha item type | Books |
| Τύπος τεκμηρίου | Βιβλιοθήκη | Τρέχουσα τοποθεσία | Barcode | Αριθμός εισαγωγής | Ημερομηνία απόκτησης | Ταξιθετικό σύμβολο | Αριθμός αντιτύπου | Κατάσταση απόσυρσης | Κατάσταση χαμένου | Κατάσταση κατεστραμμένου | Μη δανεισμός | Σύνολο δανεισμών | Ημερομηνία τελευταίας εμφάνισης | Η τιμή ισχύει από |
|---|---|---|---|---|---|---|---|---|---|---|---|---|---|---|
| Books | MC Athens Campus Library | MC Athens Campus Library | 9780000003799 | 4544 | 05/06/2025 | 301 MAR | 1 | 05/06/2025 | 05/06/2025 |